| 000 | 00445nam a2200169Ia 4500 | ||
|---|---|---|---|
| 003 | GCL | ||
| 008 | 140319s9999 xx 000 0 eng d | ||
| 040 |
_aGCL / _cGCL |
||
| 082 | 0 | 4 |
_a621.381 _bC M |
| 100 | 1 | _aCORNELL, GEOFF | |
| 245 | 1 | 0 |
_aMICROELECTRONIC SYSTEMS F1 / _cCORNELL, GEOFF |
| 260 |
_a[S.N] : _bSTANLEY THORNES (PUBLISHERS) LTD. ، _c1992 |
||
| 300 | _a96 P | ||
| 650 | 0 | 4 | _aPROGRAMMING |
| 650 | 0 | 4 | _aELECTRONICS |
| 942 |
_2ddc _cBK |
||
| 999 |
_c21382 _d21382 |
||